Chile: una dictadura militar permanente 1811-1999
Na minha lista:
| Autor principal: | |
|---|---|
| Formato: | Livro |
| Idioma: | espanhol |
| Publicado em: |
Santiago, Chile
Sudamericana
1999
|
| Colecção: | Colección Tribuna Libre
|
| Assuntos: | |
| Tags: |
Adicionar Tag
Sem tags, seja o primeiro a adicionar uma tag!
|
MARC
| LEADER | 00000nam a2200000 a 4500 | ||
|---|---|---|---|
| 001 | UCO7670 | ||
| 003 | CL-VaPUC | ||
| 005 | 20241213123345.0 | ||
| 008 | 001117e19990000CL |||||||||||||||||spa|d | ||
| 999 | |c 292555 |d 292553 | ||
| 040 | |c Pontificia Universidad Católica de Valparaíso | ||
| 082 | 0 | 4 | |a 983 MAN 1999 |2 21 |
| 100 | |a Manns, Patricio |e autor |9 491482 | ||
| 245 | 1 | 0 | |a Chile: |b una dictadura militar permanente 1811-1999 |
| 260 | |a Santiago, Chile |b Sudamericana |c 1999 | ||
| 300 | |a 219 páginas | ||
| 490 | 0 | |a Colección Tribuna Libre | |
| 583 | |a last modification |c 20001117 00:00:00 |k Rodrigo Vera | ||
| 650 | 0 | |a Dictadura militar |z Chile |9 389291 | |
| 650 | 0 | |a Historia de Chile |y Siglos 19-20 |9 360444 | |
| 852 | |a BIBCUR | ||
| 942 | |c BK |2 ddc | ||
| 945 | |d 20001117 00:00:00 |a rbrito | ||
| 952 | |0 0 |1 0 |2 ddc |4 0 |6 983_000000000000000_MAN_1999 |7 0 |8 A |9 343481 |a BIBHIS |b BIBHIS |d 2019-11-20 |i 3642836 |o 983 MAN 1999 |p 3642836 |r 2025-01-20 |t 1 |w 2019-11-20 |y BK |k HIS | ||